Recopilación de formularios de instrumentos públicos y prontuario para juicios y jestiones administrativas

-д хадгалсан:
Номзүйн дэлгэрэнгүй
Үндсэн зохиолч: Pinto S., Francisco A. (autor)
Формат: Ном
Хэл сонгох:испани
Хэвлэсэн: Santiago Librería Alemana 1906
Хэвлэл:2a. ed
Нөхцлүүд:
Шошгууд: Шошго нэмэх
Шошго байхгүй, Энэхүү баримтыг шошголох эхний хүн болох!

MARC

LEADER 00000nam a2200000 a 4500
001 UCR1239
003 CL-VaPUC
008 971212e19060000CL |||||||||||||||||spa|d
082 0 4 |a 347.06  |b PIN  |2 21 
100 |a Pinto S., Francisco A.  |e autor  |9 439173 
245 1 0 |a Recopilación de formularios de instrumentos públicos y prontuario para juicios y jestiones administrativas 
250 |a 2a. ed 
300 |a 353 p 
942 |c BK 
945 |d 19971212 00:00:00  |a cmena 
260 |a Santiago  |b Librería Alemana  |c 1906 
650 0 |a Instrumento público   |9 384474 
650 0 |a Administración pública   |9 255343 
650 0 |a Derecho administrativo  |9 254851 
650 7 |a EMPLEADOS PUBLICOS  |2 CL-VaPUC  |9 256133 
650 0 |a Jurisprudencia  |9 255952 
650 0 |a Derecho notarial  |9 326137 
583 |a last modification  |c 19971212 00:00:00  |k Rodrigo Vera 
999 |c 264715  |d 264713 
952 |0 0  |1 0  |2 ddc  |4 0  |5 1  |6 347_060000000000000_PIN_1906  |7 1  |8 C_LRYV  |9 295117  |a FDOBRV  |b BIBDER  |d 2019-11-19  |i 1921959  |o 347.06 PIN 1906  |p 1921959  |r 2023-01-25  |w 2019-11-19  |y BK_X  |k BRV 
952 |0 0  |1 0  |4 0  |6 347_060000000000000_PIN_1906  |7 0  |8 X  |9 295118  |a BIBDER  |b BIBDER  |d 2019-11-19  |i 1951858  |o 347.06 PIN 1906  |p 1951858  |r 2023-01-25  |w 2019-11-19  |y BK_X  |k DER